000 00664nam a2200277Ia 4500
005 20260121125547.0
008 008 260114s9999 xx 000 0 eng d
020 _a9780271084510
037 _aEBOOK
040 _aCRL
040 _beng
040 _cCRL
041 _2eng
041 _aeng
084 _qCRL
100 _aButchart, Garnet C.
_9995057
245 0 _aEmbodiment, Relation, Community
260 _bWalter de Gruyter
260 _bWalter de Gruyter
260 _c2019
650 _aJournalism
_9995058
856 _uhttp://www.degruyter.com/isbn/9780271084510
942 _cEBOOK
999 _c1562866
_d1562866